Give yourself background /

Bibliographic Details
Main Author: Bond, F. Fraser (Frank Fraser), 1891-1965
Format: Book
Language:English
Published: New York, London : Whittlesey House : McGraw-Hill book company, inc., [1942]
Edition:Rev. and enl. ...
Subjects:

MARC

Tag First Indicator Second Indicator Subfields
LEADER 00000cam a2200000 4500
001 in00000072265
005 20151008052444.0
008 750829s1942 nyu b 00010 eng
010 |a  42019862  
035 |a (OCoLC)01581975 
035 |9 AAH3423AM 
040 |a DLC  |c DZM  |d TXA  |d UtOrBLW 
049 |a TXAM  |c [117087] 
050 0 0 |a LC31  |b .B65 1942 
082 0 |a 374.1 
092 |a 374.1  |b B711g, 1942 
100 1 |a Bond, F. Fraser  |q (Frank Fraser),  |d 1891-1965. 
245 1 0 |a Give yourself background /  |c by F. Fraser Bond. 
250 |a Rev. and enl. ... 
264 1 |a New York,  |a London :  |b Whittlesey House :  |b McGraw-Hill book company, inc.,  |c [1942] 
300 |a xvii, 277 pages ;  |c 21cm. 
336 |a text  |b txt  |2 rdacontent 
337 |a unmediated  |b n  |2 rdamedia 
338 |a volume  |b nc  |2 rdacarrier 
504 |a Includes bibliographies. 
650 0 |a Self-culture. 
650 0 |a Books and reading. 
999 |a MARS 
999 f f |s f28f2897-8565-33c4-8122-474947bfe14e  |i bcb7821e-bdd6-3e9f-bd71-bcd5daadbd74  |t 0 
952 f f |p normal  |a Texas A&M University  |b College Station  |c Sterling C. Evans Library  |d Evans: Library Stacks  |t 0  |e LC31 .B65 1942  |h Library of Congress classification  |i unmediated -- volume  |m A14800857072 
998 f f |a LC31 .B65 1942  |t 0  |l Evans: Library Stacks